| 000 | 00429nam a2200157 4500 | ||
|---|---|---|---|
| 001 | 135848 | ||
| 003 | ES-MaACL | ||
| 005 | 20230906194954.0 | ||
| 007 | t| | ||
| 008 | 070214s1969 sp r ||||1| spa d | ||
| 100 | 1 |
_aRuiz Carnal, Jesús. _9100690 |
|
| 245 | 1 | 0 |
_aFugger, banquero del Emperador / _cJesús Ruiz Carnal. |
| 260 |
_aAlgorta : _bZero, _c1969. |
||
| 300 |
_a54 p. ; _c17 cm. |
||
| 852 |
_aES-MaACL _jC-36561 _bR.70866 |
||
| 999 |
_c135848 _d135848 |
||